Most Pole Positions in Formula 1 - Statistics

General Stats
  • This quiz has been taken 36 times
  • The average score is 12 of 15
Answer Stats
Hint Answer % Correct
104 Lewis Hamilton
100%
48 Max Verstappen
100%
68 Michael Schumacher
100%
65 Aytor Senna
93%
33 Alain Prost
90%
22 Fernando Alonso
90%
57 Sebastian Vettel
90%
24 Niki Lauda
86%
27 Charles Leclerc
76%
29 Juan Manuel Fangio
69%
24 Nelson Piquet
66%
32 Nigel Mansell
66%
30 Nico Rosberg
62%
26 Mika Hakkinen
59%
33 Jim Clark
48%
No matching quizzes found
Score Distribution
Percent of People with Each Score
Percentile by Number Answered
Your Score History
You have not taken this quiz